000 00702cam a22002413a 4500
001 787
003 PGUSA
005 20140828082952.0
008 970101s1997||||xxu|||||s|||||000 1 eng d
040 _aPGUSA
_beng
042 _adc
050 4 _aPS
100 1 _aBarr, Amelia Edith Huddleston,
_d1831-1919
245 1 4 _aThe Man Between :
_bAn International Romance
_h[electronic resource] /
_cAmelia Edith Huddleston Barr
260 _bProject Gutenberg,
_c1997
506 _aPublic domain in the USA.
516 _aElectronic text
653 _aLove stories
653 _aBetrothal -- Fiction
830 0 _aProject Gutenberg
_v787
856 4 0 _uhttp://www.gutenberg.org/ebooks/787
942 _cEB
999 _c230138
_d230138